| 000 | 01186nam a2200373Ia 4500 | ||
|---|---|---|---|
| 001 | dia_1388 | ||
| 003 | CHAP | ||
| 005 | 20230313090508.0 | ||
| 008 | 220117s1992 xx 000 0 und d | ||
| 010 | _a171933 | ||
| 020 | _a968-6334-07-6 | ||
| 040 | _cCHAP | ||
| 082 | _aC 615.321972 M37 1992 | ||
| 100 |
_aMartínez, Maximino _972693 |
||
| 245 |
_aLas plantas medicinales de México / _c Maximino Martínez |
||
| 250 | _a6a ed. | ||
| 260 |
_aMéxico : _b Botas, _c1992 |
||
| 300 | _a656 p. | ||
| 503 | _aC/e | ||
| 504 | _aBibliografía: p. 615-617 | ||
| 590 | _aC RS160.M4 M37 1992 | ||
| 650 |
_aFarmacognosia _xDiccionarios y enciclopedias _9150662 |
||
| 650 |
_aFitoterapia _9150663 |
||
| 650 |
_aHerbs _xTherapeutic use _xEncyclopedias _9150664 |
||
| 650 |
_aHierbas _xUso terapéutico _xDiccionarios y enciclopedias _9150665 |
||
| 650 |
_aMedicinal plants _9150666 |
||
| 650 |
_aPharmacognosy _xEncyclopedias _9150667 |
||
| 650 |
_aPhytotherapy _9150668 |
||
| 650 |
_aPlantas medicinales _9150669 |
||
| 901 | _aC 615.321972 M37 1992 | ||
| 902 | _aM | ||
| 905 | _a5232271992 mx af 8222223322spa16 | ||
| 942 |
_cLIBRO _2ddc |
||
| 999 |
_c171933 _d171933 |
||